عرض عادي
عرض مارك
- البرمجة (حاسبات إلكترونية)
مدخل مصطلح موضوعي
001 - رقم الضبط
- حقل الضبط: 99785
003 - معرف رقم الضبط
- حقل الضبط: OSt
005 - تاريخ ووقت أخر عملية
- حقل الضبط: 20220901101453.0
008 - عناصر بيانات ثابتة الطول
- حقل تحكم ثابت الطول: 220901|| aca||aabn | a|a d
040 ## - مصدر الفهرسة
- هيئة الفهرسة الأصلية: OSt
- وكالة الكتابة: OSt
150 ## - مدخل-- مصطلح تاريخي
- عنصر مدخل المصطلح الموضوعي او الاسم الجغرافي: البرمجة (حاسبات إلكترونية)
670 ## - بيانات المصدر موجوده
- الاستشهاد بالمصدر: Work cat.: (OSt)82071: عزت، حسين نور الدين 99780, الخوارزميات والفيجوال بيسك 6 /, 2014
